<?xml version="1.0" encoding="UTF-8"?>
<record
    xmlns:xsi="http://www.w3.org/2001/XMLSchema-instance"
    xsi:schemaLocation="http://www.loc.gov/MARC21/slim http://www.loc.gov/standards/marcxml/schema/MARC21slim.xsd"
    xmlns="http://www.loc.gov/MARC21/slim">

  <leader>01106nam a22001337a 4500</leader>
  <datafield tag="999" ind1=" " ind2=" ">
    <subfield code="c">533792</subfield>
    <subfield code="d">533792</subfield>
  </datafield>
  <controlfield tag="008">260624b           ||||| |||| 00| 0 eng d</controlfield>
  <datafield tag="100" ind1=" " ind2=" ">
    <subfield code="a">Dandekar, Ajay</subfield>
    <subfield code="9">61319</subfield>
  </datafield>
  <datafield tag="245" ind1=" " ind2=" ">
    <subfield code="a"> Shereen F Ratnagar (1944&#x2013;2026) : Uncompromising excavator of historical truth</subfield>
  </datafield>
  <datafield tag="260" ind1=" " ind2=" ">
    <subfield code="a">Economic &amp; Political Weekly  </subfield>
  </datafield>
  <datafield tag="300" ind1=" " ind2=" ">
    <subfield code="a">61(23), Jun 6, 2026: p.30-31</subfield>
  </datafield>
  <datafield tag="520" ind1=" " ind2=" ">
    <subfield code="a">Shereen F Ratnagar was an extraordinary personality in every sense of the term. Born in Mumbai (amchi Mumbai [&#x201C;our Mumbai&#x201D; in Marathi], as she would sometimes fondly say), she, perhaps at a very early age, had decided to pursue the past through the lens of the discipline of archaeology. As we know from her, &#x201C;something clicked,&#x201D; when she read Mortimer Wheeler&#x2019;s Archaeology from the Earth (1954) in Class 9. Fortunately, from then on, given Ratnagar&#x2019;s persistence, there was no looking back on the decision. Thus, the fields of proto history and Indus Valley culture gained. &#x2013; Reproduced 

https://www.epw.in/journal/2026/23/commentary/shereen-f-ratnagar-1944-2026.html
</subfield>
  </datafield>
  <datafield tag="773" ind1=" " ind2=" ">
    <subfield code="a">Economic &amp; Political Weekly  </subfield>
  </datafield>
  <datafield tag="942" ind1=" " ind2=" ">
    <subfield code="c">AR</subfield>
  </datafield>
  <datafield tag="952" ind1=" " ind2=" ">
    <subfield code="0">0</subfield>
    <subfield code="1">0</subfield>
    <subfield code="2">ddc</subfield>
    <subfield code="4">0</subfield>
    <subfield code="7">0</subfield>
    <subfield code="9">408972</subfield>
    <subfield code="a">IIPA</subfield>
    <subfield code="b">IIPA</subfield>
    <subfield code="d">2026-06-24</subfield>
    <subfield code="h">61(23), Jun 6, 2026: p.30-31</subfield>
    <subfield code="p">AR139254</subfield>
    <subfield code="r">2026-06-24</subfield>
    <subfield code="y">AR</subfield>
  </datafield>
</record>
